[Event "18. Lovfalds EMT Basis 3 2004"]
[Site "Ringsted"]
[Date "2004.09.19"]
[Round "6"]
[White "Vilsgaard, Lars"]
[Black "Jakobsson, Daniel"]
[Result "0-1"]
[WhiteElo "1135"]
[BlackElo "1200"]
[PlyCount "82"]
[EventDate "2004.??.??"]

1. e4 e5 2. Nf3 Nc6 3. Bb5 Bc5 4. Bxc6 dxc6 5. d3 Nf6 6. h3 O-O 7. Nc3 Be6 8.
Nxe5 Qd4 9. Be3 Qxe5 10. d4 Bxd4 11. Bxd4 Qg5 12. Qf3 Nd7 13. O-O f5 14. Qg3
Qxg3 15. fxg3 c5 16. Be3 b6 17. exf5 Bxf5 18. Rac1 c6 19. g4 Bg6 20. a3 Rxf1+
21. Kxf1 Re8 22. Bf2 Ne5 23. b3 Nf7 24. Nd1 Nd6 25. Ne3 Rf8 26. Kg1 Ne4 27. Bh4
Nc3 28. Re1 Nd5 29. Nxd5 cxd5 30. c3 d4 31. cxd4 cxd4 32. Rd1 d3 33. Bf2 Rd8
34. Kf1 Kf7 35. b4 Rc8 36. Be1 Ke6 37. Bd2 Rc2 38. Ke1 Ra2 39. Bc1 Rxg2 40. Kf1
Rh2 41. Re1+ Kf7 0-1

[Event "18. Lovfalds EMT Basis 3 2004"]
[Site "Ringsted"]
[Date "2004.09.19"]
[Round "6"]
[White "Suadicani, Stefan"]
[Black "Jorgensen, Harald"]
[Result "0-1"]
[WhiteElo "1100"]
[BlackElo "1100"]
[PlyCount "140"]
[EventDate "2004.??.??"]

1. e4 e5 2. Nf3 Nc6 3. Bc4 h6 4. Nc3 Nf6 5. O-O Bb4 6. d3 O-O 7. Nd5 Be7 8. Be3
Ng4 9. c3 Nxe3 10. fxe3 Bc5 11. d4 Bd6 12. Qe1 a6 13. Qh4 Qxh4 14. Nxh4 b5 15.
Bb3 Na5 16. Bc2 Nc4 17. b3 Nb6 18. Nf5 Nxd5 19. exd5 exd4 20. exd4 Bb7 21. Nxd6
cxd6 22. c4 Rac8 23. Bd3 Rfe8 24. Rf3 b4 25. Raf1 Rf8 26. Rg3 Rce8 27. Rf4 g6
28. h4 h5 29. Kf2 a5 30. Rg5 Kg7 31. Be2 Rh8 32. Rg3 Re7 33. Rgf3 Rf8 34. g4
Rh8 35. gxh5 Rxh5 36. Re3 Rxe3 37. Kxe3 Rh8 38. Kf3 Rh7 39. Kg3 f6 40. Rf2 Kf7
41. Rh2 f5 42. h5 gxh5 43. Rxh5 Rxh5 44. Bxh5+ Kf6 45. Kf4 Bc8 46. Be2 Bb7 47.
Bd3 Ke7 48. Kxf5 Kf7 49. Ke4 Kf6 50. c5 Ke7 51. Bb5 dxc5 52. dxc5 Kd8 53. Ke5
Kc7 54. d6+ Kc8 55. Kd4 Bg2 56. Ke3 Kb7 57. Kd2 Bc6 58. Bxc6+ Kxc6 59. Kc2 Kxc5
60. Kd3 Kd5 61. Ke3 Kxd6 62. Kd4 Kc6 63. Kc4 d6 64. Kd4 d5 65. Kd3 Kc5 66. Ke3
Kd6 67. Kd4 Ke6 68. Ke3 Ke5 69. Kd3 d4 70. Kd2 Ke4 0-1

[Event "18. Lovfalds EMT Basis 3 2004"]
[Site "Ringsted"]
[Date "2004.09.19"]
[Round "7"]
[White "Jorgensen, Valdemar"]
[Black "Jakobsson, Daniel"]
[Result "1/2-1/2"]
[WhiteElo "1200"]
[BlackElo "1200"]
[PlyCount "36"]
[EventDate "2004.??.??"]

1. e4 e5 2. Nf3 Nc6 3. Bc4 Bc5 4. d3 h6 5. Be3 Bb6 6. Nbd2 d6 7. Bd5 Bd7 8. Nb1
Nf6 9. Bb3 O-O 10. h3 Be6 11. Nc3 Re8 12. O-O d5 13. exd5 Nxd5 14. Nxd5 Bxd5
15. Re1 Bxb3 16. axb3 Nd4 17. c3 Nxf3+ 18. Qxf3 Bxe3 1/2-1/2

[Event "18. Lovfalds EMT Basis 3 2004"]
[Site "Ringsted"]
[Date "2004.09.19"]
[Round "7"]
[White "Gregor, Bjarke"]
[Black "Christensen, Christoffer"]
[Result "1-0"]
[WhiteElo "1100"]
[BlackElo "1088"]
[PlyCount "53"]
[EventDate "2004.??.??"]

1. e4 e6 2. d4 d5 3. Nd2 c5 4. c3 Nc6 5. Bb5 Bd7 6. Ngf3 Qb6 7. Ba4 cxd4 8.
cxd4 Nxd4 9. Bxd7+ Kxd7 10. Qa4+ Nc6 11. Ne5+ Ke7 12. b3 Nxe5 13. Ba3+ Kf6 14.
Bb2 Qb4 15. f4 Qxa4 16. fxe5+ Ke7 17. bxa4 dxe4 18. Nxe4 f5 19. Ng5 h6 20. Ba3+
Kd7 21. Rd1+ Kc6 22. Bxf8 hxg5 23. Rd6+ Kc7 24. Bxg7 Rh7 25. Ke2 Rxg7 26. Rc1+
Kb8 27. Rd8# 1-0

[Event "18. Lovfalds EMT Basis 3 2004"]
[Site "Ringsted"]
[Date "2004.09.19"]
[Round "7"]
[White "Suadicani, Stefan"]
[Black "Jakobsen, Henning"]
[Result "0-1"]
[WhiteElo "1100"]
[BlackElo "1131"]
[PlyCount "108"]
[EventDate "2004.??.??"]

1. e4 c5 2. Nf3 d6 3. d4 cxd4 4. Nxd4 Nf6 5. Nc3 a6 6. g3 Nbd7 7. Bg2 e5 8. Nf5
Qc7 9. O-O Nc5 10. f3 g6 11. Nh6 Qb6 12. b3 Na4+ 13. Kh1 Nxc3 14. Qd3 Nb5 15.
a4 Nd4 16. Be3 Qc7 17. Bxd4 Bxh6 18. Be3 Bxe3 19. Qxe3 O-O 20. c4 Kg7 21. f4
Ng4 22. Qf3 h5 23. h3 Nf6 24. f5 g5 25. g4 h4 26. Rad1 Rd8 27. Rd2 Qc5 28. Qd3
b6 29. Qc3 a5 30. Rb1 Qb4 31. Qe3 Bb7 32. Qxg5+ Kf8 33. Re2 Ke7 34. Qxh4 Qc3
35. g5 Qd3 36. gxf6+ Kd7 37. Ree1 Rh8 38. Qg5 Rag8 39. Qe3 Qc2 40. Re2 Qxb1+
41. Kh2 Kc7 42. Re1 Qb2 43. Re2 Qd4 44. Qf3 Rh4 45. Re3 Rf4 46. Qe2 Rxg2+ 47.
Kxg2 Bxe4+ 48. Kg3 Rxf5 49. Rxe4 Rg5+ 50. Kh4 Qg1 51. Rg4 Rxg4+ 52. Qxg4 Qe1+
53. Kh5 Qc3 54. Qg8 Qxh3+ 0-1

[Event "18. Lovfalds EMT Basis 3 2004"]
[Site "Ringsted"]
[Date "2004.09.19"]
[Round "7"]
[White "Jorgensen, Harald"]
[Black "Vilsgaard, Lars"]
[Result "1-0"]
[WhiteElo "1100"]
[BlackElo "1135"]
[PlyCount "103"]
[EventDate "2004.??.??"]

1. e4 e5 2. Nf3 Nc6 3. Nc3 Nf6 4. Bc4 h6 5. O-O Bb4 6. Nd5 d6 7. Nxf6+ Qxf6 8.
a3 Bc5 9. b4 Bb6 10. c3 a6 11. Bd5 Bd7 12. Bxc6 Bxc6 13. d3 O-O 14. Be3 Ba7 15.
Bxa7 Rxa7 16. h3 a5 17. Qc1 Bd7 18. Qe3 Raa8 19. Nd2 Qg6 20. Qg3 Qxg3 21. fxg3
Bb5 22. Rf3 Bc6 23. Nc4 axb4 24. cxb4 Ra6 25. Na5 Rfa8 26. Nxc6 bxc6 27. d4
exd4 28. Rd3 f6 29. g4 Kf7 30. Kf2 Kg6 31. Kf3 Kg5 32. Kg3 Kg6 33. Kf4 c5 34.
bxc5 dxc5 35. e5 fxe5+ 36. Kxe5 Re8+ 37. Kd5 Rd6+ 38. Kxc5 Re5+ 39. Kc4 Ra5 40.
Kb4 Re5 41. Kc4 Ra5 42. Kb4 Rdd5 43. a4 Kg5 44. Rf1 Ra7 45. Rfd1 Rb7+ 46. Kc4
c6 47. Rxd4 Rxd4+ 48. Rxd4 Kh4 49. Rd3 Rb2 50. a5 Ra2 51. Kb4 c5+ 52. Kb5 1-0

[Event "18. Lovfalds EMT Basis 3 2004"]
[Site "Ringsted"]
[Date "2004.09.19"]
[Round "7"]
[White "Christensen, Simon"]
[Black "Haubro, Martin"]
[Result "1/2-1/2"]
[WhiteElo "1000"]
[BlackElo "1135"]
[PlyCount "109"]
[EventDate "2004.??.??"]

1. d4 f5 2. Nf3 Nf6 3. Bf4 e6 4. e3 d5 5. Nbd2 Bd6 6. Ne5 O-O 7. Bd3 Ne4 8.
Nxe4 fxe4 9. Be2 Nd7 10. c3 Qf6 11. Ng4 Qf5 12. Bxd6 cxd6 13. O-O Qg5 14. h3
Nb6 15. f3 h5 16. Nh2 e5 17. dxe5 Bxh3 18. Rf2 exf3 19. Bxf3 dxe5 20. Kh1 e4
21. gxh3 exf3 22. Nxf3 Qxe3 23. Qe1 Nc4 24. Qxe3 Nxe3 25. Re1 Nc4 26. Ree2 Rf4
27. b3 Nb6 28. Ng5 Rxf2 29. Rxf2 g6 30. Rf7 Rb8 31. Rf6 Kg7 32. Rd6 Rc8 33.
Ne6+ Kf6 34. Nc5+ Ke5 35. Nxb7 Rxc3 36. Rxg6 Rc1+ 37. Kg2 Rc2+ 38. Kg3 Rxa2 39.
Rg5+ Kd4 40. Rxh5 Ra3 41. Rh4+ Kc3 42. Nc5 d4 43. Ne4+ Kxb3 44. Nd2+ Kc3 45.
Ne4+ Kc2+ 46. Kg2 d3 47. Rf4 Ra4 48. Rf2+ Kc1 49. Rf1+ Kc2 50. Rf2+ Kb3 51.
Nc5+ Kc3 52. Nxa4+ Nxa4 53. Rf8 d2 54. Rc8+ Kb2 55. Rb8+ 1/2-1/2